Report of the rural urban relationip Vol-III (Record no. 1447421)

MARC details
000 -LEADER
fixed length control field 00524nam a2200157Ia 4500
005 - DATE AND TIME OF LATEST TRANSACTION
control field 20250923145124.0
008 - FIXED-LENGTH DATA ELEMENTS--GENERAL INFORMATION
fixed length control field 008 250917s9999 xx 000 0 eng d
037 ## - SOURCE OF ACQUISITION
Stock number Textual
040 ## - CATALOGING SOURCE
Original cataloging agency DSWL
Language of cataloging eng
Transcribing agency DSWL
041 ## - LANGUAGE CODE
Language code of text/sound track or separate title eng
Source of code eng
084 ## - COLON CLASSIFICATION NUMBER
Classification number Y31-33.2'N63t, N66;1
Assigning agency DSWL
245 #0 - TITLE STATEMENT
Title Report of the rural urban relationip Vol-III
Statement of responsibility, etc. by of Govt of India
260 ## - PUBLICATION, DISTRIBUTION, ETC.
Place of publication, distribution, etc. New Delhi
Name of publisher, distributor, etc. Institute of Heath & Family Planning
Date of publication, distribution, etc. 1966
942 ## - ADDED ENTRY ELEMENTS (KOHA)
Koha item type Textual
Classification part Y31-33.2'N63t, N66;1
Holdings
Withdrawn status Lost status Damaged status Not for loan Home library Current library Date acquired Inventory number Total Checkouts Full call number Barcode Date last seen Price effective from Koha item type
        Department of Social Work Library Department of Social Work Library 2025-09-23 Gift 13/07/1968   Y31-33.2'N63t, N66;1 SW0013065 2025-09-23 2025-09-23 Textual
Copyright @ Delhi University Library System